000 00446nam a22001457a 4500
020 _a9780128239681
040 _cNUST
082 _a621.042 ELA
100 _a Elahi, Hassan:
_998805
110 _aEugeni, Marco , Gaudenzi, Paolo
_998806
245 _aPiezoelectric Aeroelastic Energy Harvesting
260 _aUnited Kingdom:
_bElsevier,
_c2022.
650 _aPiezoelectric Aeroelastic Energy Harvesting. NUSTTB2022
_9104121
942 _2ddc
_cBK
999 _c591372
_d591372